00713nam a2200241 a 4500001001300000003000900013005001700022008004100039020001100080082001700091100002400108245002600132260003000158300000800188500003500196505004600231650002700277700002400304902000800328942000700336952011300343999001500456nice12345678IN_TiNIC20260116011821.0050524s0000 laha grp 000 0 urd  ac0.7500a891.41bAHM1 aAhmed, Malik Nazeer aRubaiyat-E-Baba Tahir aLahorebNazeer Sonsc0000 a48p aincludes index and biblioraphy2 aNotes and References, Bibliography, Index aUrdu-Poetry-baba Tahir1 aAhmed, Malik Nazeer bSRS cBK 001040708StackRoom-aHMIbHMId2007-06-18g0.75l0o891.41 AHM1p09400r2007-06-18v0.75w2005-05-24yBK c4174d4174